| 000 -LEADER | |
|---|---|
| fixed length control field | 00428nam a22001697a 4500 |
| 005 - DATE AND TIME OF LATEST TRANSACTION | |
| control field | 20180530112310.0 |
| 008 - FIXED-LENGTH DATA ELEMENTS--GENERAL INFORMATION | |
| fixed length control field | 160430b xxu||||| |||| 00| 0 eng d |
| 020 ## - INTERNATIONAL STANDARD BOOK NUMBER | |
| ISBN | 81-259-0418-2 |
| 041 ## - LANGUAGE CODE | |
| Language code of text/sound track or separate title | eng |
| 082 ## - DEWEY DECIMAL CLASSIFICATION NUMBER | |
| Item number | 1011 |
| Classification number | 519.5 |
| 100 ## - MAIN ENTRY--AUTHOR NAME | |
| Personal name | Chandan, S. JIT |
| 245 ## - TITLE STATEMENT | |
| Title | Statistics for Business & Economics |
| 260 ## - PUBLICATION, DISTRIBUTION, ETC. (IMPRINT) | |
| Name of publisher | Vikas Publishing house Pvt. Ltd. |
| Year of publication | 2004 |
| 300 ## - PHYSICAL DESCRIPTION | |
| Number of Pages | 623 |
| 650 ## - SUBJECT ADDED ENTRY--TOPICAL TERM | |
| Topical Term | Management |
| 942 ## - ADDED ENTRY ELEMENTS (KOHA) | |
| Koha item type | Books |
| Lost status | Damaged status | Collection code | Home library | Current library | Shelving location | Date acquired | Cost, normal purchase price | Full call number | Accession Number | Koha item type |
|---|---|---|---|---|---|---|---|---|---|---|
| MANAGEMENT | JRU Library | JRU Library | SHELF-74-G | 30/04/2016 | 250.00 | 519.5 | 1011 | Books | ||
| MANAGEMENT | JRU Library | JRU Library | SHELF-74-G | 30/04/2016 | 250.00 | 519.5 | 1012 | Books | ||
| Reference | JRU Library | SHELF-28-J | 30/04/2016 | 250.00 | 519.5 | 1013 | Books |